| 000 -LEADER |
| fixed length control field |
00635nam a22002177a 4500 |
| 008 - FIXED-LENGTH DATA ELEMENTS--GENERAL INFORMATION |
| fixed length control field |
150602b xxu||||| |||| 00| 0 eng d |
| 020 ## - INTERNATIONAL STANDARD BOOK NUMBER |
| International Standard Book Number |
9780132168380 |
| 020 ## - INTERNATIONAL STANDARD BOOK NUMBER |
| International Standard Book Number |
0132168383 |
| 041 0# - LANGUAGE CODE |
| Language code of text/sound track or separate title |
eng |
| 080 ## - UNIVERSAL DECIMAL CLASSIFICATION NUMBER |
| Universal Decimal Classification number |
33 |
| 100 1# - Rafti |
| Rafti |
Berenson, Mark L. |
| 245 10 - TITLE STATEMENT |
| Title |
Basic business statistics : |
| Statement of responsibility, etc |
Mark L. Berenson, David M. Levine, Timothy C. Krehbiel. |
| 250 ## - |
| -- |
12th ed. |
| 260 ## - |
| -- |
Boston : |
| -- |
Prentice Hall, |
| -- |
c2012. |
| 300 ## - |
| -- |
859 p. : |
| -- |
me il.; |
| -- |
29 cm. |
| 505 ## - |
| -- |
Index: f.850-859 |
| 650 #0 - |
| -- |
Statistika |
| 700 1# - |
| -- |
Levine, David M., |
| 700 1# - |
| -- |
Krehbiel, Timothy C. |
| 942 ## - ADDED ENTRY ELEMENTS (KOHA) |
| Source of classification or shelving scheme |
|
| Item type |
Books |